Statistics for Top 10 Countries with the Sexiest Women

Click here to take the quiz!

General Stats

  • This quiz has been taken 2,570 times
  • The average score is 5 of 10

Answer Stats

RankAnswer% Correct
4Russia
82%
1Sweden
76%
10Canada
59%
2Argentina
48%
8Denmark
46%
3Ukraine
45%
7Colombia
44%
9Netherlands
32%
6South Korea
22%
5Bulgaria
11%

Score Distribution

Percentile by Number Answered

Percent of People with Each Score

Your Score History

You have not taken this quiz